000 00512nam a22001697a 4500
003 BD-DhUL
005 20181105115320.0
008 181105s1926 pk ||||| |||| 00| 0 urd d
040 _aBD-DhUL
_cBD-DhUL
082 _a891.433
_bMUS
100 0 _aمحمدی بیگم صاحبہ
245 1 0 _aصفیہ بیگم /
_cمحمدی بیگم صاحبہ
260 _aلاہور :
_bدارالاشاعت پنجاب،
_c۱۹۲۶۔
300 _aص۔ ۱۰۰ ؛
_c۲۱ سم۔
650 4 _aUrdu fiction
942 _2ddc
_cBK
999 _c244373
_d244373